Culture Générale - Série 2667 - Statistiques

Statistiques générales
  • Ce quiz a été pris 103 fois
  • Le résultat moyen est 6 sur 10
Statistiques - réponses
Question Réponse % Correct
De quelle année date la chute du mur de Berlin ? 1989
98%
En quelle année la peine de mort a-t-elle été abolie en France ? 1981
91%
Nom du cheval ailé dans la mythologie grecque Pégase
87%
Dans quelle ville a été assassiné l'héritier du trône d'Autriche, l'archiduc Franz Ferdinand, le 28 juin 1914 ? Sarajevo
83%
Qui était surnommé "Le petit père des peuples" ? Staline
71%
En quelle année Jean Jaurès a-t-il été assassiné ? 1914
54%
Quel est l'ancêtre de l'ONU ? SDN
51%
Nom de l'épée mythique qui aurait appartenu au chevalier Roland de Roncevaux Durandal
38%
Comment appelle-t-on le trotteur pour bébé ? youpala
26%
Nom de la station de métro parisienne desservie par la ligne 12 et faisant référence à un événement de l'année 1936 ? Front Populaire
25%
Aucun quiz correspondant
Distribution des résultats
% des personnes avec chaque résultat
Percentile par nombre de réponses
Votre historique - résultats
Vous n’avez pas pris ce quiz